MARC

Tag First Indicator Second Indicator Subfields
LEADER 00000cam a2200000 a 4500
001 in00000001347
005 20151007050414.0
008 981009s1996 gaua bf f000 0 eng d
035 |a (OCoLC)40070787 
035 |9 AJB2797AM 
040 |a GPO  |c GPO  |d DLC  |d MvI  |d UtOrBLW 
043 |a n-usu--  |a ls----- 
049 |a UDOC 
074 |a 0082-A-05 
086 0 |a A 13.105/2:R 8-MB 39 
245 0 2 |a A Guide to the care and planting of southern pine seedlings. 
246 3 0 |a Care and planting of southern pine seedlings 
250 |a Rev. Oct. 1996. 
264 1 |a Atlanta, GA (1720 Peachtree Rd., NW, Atlanta 30367-9102) :  |b USDA Forest Service, Southern Region,  |c 1996. 
300 |a viii, 44 pages :  |b illustrations (some color) ;  |c 28 cm. 
336 |a text  |b txt  |2 rdacontent 
337 |a unmediated  |b n  |2 rdamedia 
338 |a volume  |b nc  |2 rdacarrier 
490 1 |a Management bulletin R8 ;  |v MB39 
500 |a Shipping list number: 98-0355-P. 
504 |a Includes bibliographical references (pages 32-34). 
650 0 |a Southern pines  |x Seedlings  |x Protection  |z Southern States  |x Handbooks, manuals, etc. 
650 0 |a Southern pines  |x Seedlings  |x Protection  |z South Atlantic States  |x Handbooks, manuals, etc. 
650 0 |a Southern pines  |x Seeds  |x Storage  |z Southern States  |x Handbooks, manuals, etc. 
650 0 |a Southern pines  |x Seeds  |x Storage  |z South Atlantic States  |x Handbooks, manuals, etc. 
650 0 |a Planting (Plant culture)  |z Southern States  |x Handbooks, manuals, etc. 
650 0 |a Planting (Plant culture)  |z South Atlantic States  |x Handbooks, manuals, etc. 
710 1 |a United States.  |b Forest Service.  |b Southern Region. 
830 0 |a Management bulletin R8 ;  |v 39. 
999 |a MARS 
999 f f |s 88c6d14c-ebb6-331b-acea-111ade49187f  |i 73ddbb20-52c4-3814-ba8f-080a88e2d34b  |t 0 
952 f f |p normal  |a Texas A&M University  |b College Station  |c Sterling C. Evans Library  |d Evans: US Documents (Annex 5th floor)  |t 0  |e A 13.105/2:R 8-MB 39  |h Superintendent of Documents classification  |i unmediated -- volume  |m A14820685500 
998 f f |a A 13.105/2:R 8-MB 39  |t 0  |l Evans: US Documents (Annex 5th floor)